| 000 | 00381pab a2200169 454500 | ||
|---|---|---|---|
| 008 | 180718b2013 xxu||||| |||| 00| 0 eng d | ||
| 100 | _aSingh, Shambhu Nath | ||
| 245 | _aGlobalization of education | ||
| 260 | _c2013 | ||
| 300 | _ap.1-8. | ||
| 362 | _a18 Mar | ||
| 650 | _aGlobalization | ||
| 650 | _aEducation | ||
| 773 | _aUniversity News | ||
| 908 | _aN | ||
| 909 | _a98787 | ||
| 999 |
_c98786 _d98786 |
||